Регионална библиотека "Любен Каравелов" - Русе

Полифонические пьесы (Запис номер 362354)

MARC детайли
000 -Лидер
Контролно поле с фиксирана дължина ncm a22 a 4500
003 - Код на организацията, давaща контролен номер
Контролно поле BLK
005 - Дата и час на последна редакция
Контролно поле 20200515121620.0
008 - Елементи от данни с фиксирана дължина
fixed length control field 200403b bu ||||| |||| 00| 0 bu d
040 ## - Източник на каталожния запис
Идентификатор на билиотеката - собственик на записа BLK
041 ## - Код за език
Код за езика на текст/звукозапис или на отделно заглавие Руски
Код за езика КДБФ Руски
080 ## - УДК
Текстов определител УДК Музика за пиано. Етюди, технически упражнения. Начални школи.
УДК код - определител по УДК 786.2.087.5
УДК - код + определител 786.2.087.5
139 ## - Редно поле
Редна дума Полифонические пьесы
Авторски знак Пол - П 69
245 ## - Сведения за заглавието
Заглавие Полифонические пьесы
Подзаглавни данни для фортепиано
Редно поле (дума) Состав. и ред. К. Сорокин
Том Вып. 2
260 ## - Област на издателските данни
9 (RLIN) 402757
Място на издаване, разпространение и проч. Москва
Име на издателя, разпространителя и проч. Советский композитор
Година на издаване 1971
300 ## - Физическа характеристика
Страници 24 с.
Размери/Мащаб 28 см
380 ## - Жанр
Жанр Изкуство
490 ## - СЕРИИ (Колекции)
9 (RLIN) 403669
Име на серия Педагогический репертуар музыкальных училищ
№: серия 1-2 курс
650 #0 - Допълнително описание по предмет – тема
9 (RLIN) 291568
Основно описание – тема или топоним Пиано - пиеси
653 #7 - Ключова дума – ненормативна
9 (RLIN) 193730
Ключова дума пиано
700 ## - Други автори (авторска отговорност)
9 (RLIN) 362300
Лично име Сорокин, Константин Степанович
Автороска отговорност (Описва отношението между автора и произведението) ред.
760 ## - Описание на основната серия
Страници - том 56 с.
Част - том Вып. 2
852 ## - Местоположение
Форматна сигнатура Цб М ІІ 5779
Фондова буква Хранилище
999 ## - СИСТЕМНИ КОНТРОЛНИ НОМЕРА
Koha biblionumber 362354
Koha biblioitemnumber 362354
942 ## - АРТИКУЛИ
Източник на класификационната схема Universal Decimal Classification
Вид на библиотечния материал Нотни издания
Скрит в OPAC Не
Периодичен библиозапис Да
944 ## - СЪЗДАВАНЕ И РЕДАКЦИЯ на ЗАПИСА
Създаване/Редакция Създаване
Дата на регистрацията/редакция 2020-05-12
Служител, извършил регистрацията/редакцията В. Т.
999 ## - СИСТЕМНИ КОНТРОЛНИ НОМЕРА
Koha biblioitemnumber 361697
999 ## - СИСТЕМНИ КОНТРОЛНИ НОМЕРА
Koha biblioitemnumber 351151
Наличности
Код за отписване Код за изгубен артикул Източник на класификационната схема Код за повреда Коз за рестрикции Код за отдаване Артикулен № Име на библиотеката - собственик Име на библиотеката, в която се намира в момента Статус (Текущо местоположение) Дата на вписване в системата Местоположение - отдел Цена в лева Инвентарен номер Систематично азбучна сигнатура Баркод Цена в евро Служебен тип на артикула
  Не е изгубен Universal Decimal Classification Не е повреден само за читалня ползва се в читалня 770046 Регионална библиотека "Любен Каравелов" Русе Регионална библиотека "Любен Каравелов" Русе Хранилище 2020-05-17 Хранилище 0.55 104068 Цб М ІІ 5779 900000009638 0.28 Нотни издания
Vip Innovations Ltd, Rousse, Bulgaria 2025